Resources and products of Thailand
Đã lưu trong:
| Hovedforfatter: | |
|---|---|
| Format: | Bog |
| Sprog: | Undetermined |
| Udgivet: |
Thailand
Siam Communications Ltd
1973
|
| Fag: | |
| Tags: |
Tilføj Tag
Ingen Tags, Vær først til at tagge denne postø!
|
| Thư viện lưu trữ: | Trung tâm Học liệu Trường Đại học Cần Thơ |
|---|
| LEADER | 00517nam a2200193Ia 4500 | ||
|---|---|---|---|
| 001 | CTU_90762 | ||
| 008 | 210402s9999 xx 000 0 und d | ||
| 082 | |a 338 | ||
| 082 | |b K16 | ||
| 100 | |a Suraphong Kanchanananga | ||
| 245 | 0 | |a Resources and products of Thailand | |
| 245 | 0 | |c Suraphong Kanchanananga | |
| 260 | |a Thailand | ||
| 260 | |b Siam Communications Ltd | ||
| 260 | |c 1973 | ||
| 650 | |a products | ||
| 650 | |z Thai Lnad | ||
| 904 | |i Mai Loan | ||
| 980 | |a Trung tâm Học liệu Trường Đại học Cần Thơ | ||